Suicide Vest Detection Using Deep Learning: (Record no. 536068)
[ view plain ]
| 000 -LEADER | |
|---|---|
| fixed length control field | 00615nam a22001697a 4500 |
| 082 ## - DEWEY DECIMAL CLASSIFICATION NUMBER | |
| Classification number | 005 |
| 100 ## - MAIN ENTRY--PERSONAL NAME | |
| Personal name | Abdullah, Hammad ; Hasany, Syed Abbas Tariq and Nasim, Muhammad Hamza |
| 245 ## - TITLE STATEMENT | |
| Title | Suicide Vest Detection Using Deep Learning: |
| Remainder of title | In Collaboration with Air Weapons Complex / |
| 260 ## - PUBLICATION, DISTRIBUTION, ETC. | |
| Place of publication, distribution, etc. | Islamabad : |
| Name of publisher, distributor, etc. | SEECS - NUST, |
| Date of publication, distribution, etc. | 2018. |
| 300 ## - PHYSICAL DESCRIPTION | |
| Extent | 25 p. ; |
| Dimensions | 30cm, |
| Accompanying material | CD. |
| 563 ## - BINDING INFORMATION | |
| Binding note | HB |
| 650 ## - SUBJECT ADDED ENTRY--TOPICAL TERM | |
| Topical term or geographic name entry element | Computer Science- Project Report |
| 700 ## - ADDED ENTRY--PERSONAL NAME | |
| Personal name | Wajahat Hussain |
| 856 ## - Uniform Resource Identifier | |
| Uniform Resource Identifier | <a href="http://10.250.8.41:8080/xmlui/handle/123456789/21869">http://10.250.8.41:8080/xmlui/handle/123456789/21869</a> |
| 942 ## - ADDED ENTRY ELEMENTS (KOHA) | |
| Source of classification or shelving scheme | |
| Koha item type | Project Report |
| 700 ## - ADDED ENTRY--PERSONAL NAME | |
| -- | 30989 |
| Withdrawn status | Lost status | Source of classification or shelving scheme | Damaged status | Not for loan | Permanent Location | Current Location | Shelving location | Date acquired | Full call number | Barcode | Date last seen | Price effective from | Koha item type |
|---|---|---|---|---|---|---|---|---|---|---|---|---|---|
| WITHDRAWN | Central Library (CL) | Central Library (CL) | Thesis | 09/30/2020 | 005 | CL-BP-271 | 09/30/2020 | 09/30/2020 | Project Report |
